Statistiken für Länder in ihrer Muttersprache

Klicken Sie hier um das Quiz zu spielen!

Allgemein

  • Dieses Quiz wurde 219 mal gespielt
  • Das Durchschnittsergebnis liegt bei 16 aus 21

Antwortstatistiken

EinheimischeLand% Korrekt
EspañaSpanien
98%
PolskaPolen
97%
EestiEstland
96%
Mongol UlsMongolei
95%
Česká RepublikaTschechien
95%
NorgeNorwegen
93%
SuisseSchweiz
92%
Civitas VaticanaVatikanstadt
92%
SverigeSchweden
88%
HellasGriechenland
83%
ÉireIrland
81%
SuomiFinnland
77%
KampucheaKambodscha
72%
HvatskaKroatien
72%
MagyarországUngarn
71%
Ityop'iaÄthiopien
66%
NihonJapan
65%
ShqipëriaAlbanien
39%
Al-Jazā'irAlgerien
33%
AotearoaNeuseeland
25%
MiṣrÄgypten
19%

Verteilung der Resultate

Perzentil nach korrekt beantworteten Fragen

Anzahl Personen mit jedem Resultat

Ihre Resultats-Entwicklung

Sie haben dieses Quiz noch nicht gespielt